| 000 | 00380nam a2200133 4500 | ||
|---|---|---|---|
| 005 | 20260530115301.0 | ||
| 100 | 1 |
_aOscar Salinas Flores _931203 |
|
| 245 | 1 | 0 | _aClara Porset / Una vida inquieta, una obra sin igual |
| 264 | 1 |
_bUNAM Fac, de Arquitectura _c2001 |
|
| 300 | _a96 páginas | ||
| 336 |
_atexto _2rdacontent |
||
| 337 |
_asin medio _2rdamedia |
||
| 338 |
_avolumen _2rdacarrier |
||
| 999 |
_c12847 _d12847 |
||